Normal view
MARC view
Entry Personal Name
001 - CONTROL NUMBER
- control field: 86621
003 - CONTROL NUMBER IDENTIFIER
- control field: dpl
005 - DATE AND TIME OF LATEST TRANSACTION
- control field: 20260120115248.0
008 - FIXED-LENGTH DATA ELEMENTS
- fixed length control field: 260120|| aca||aabn | a|a d
040 ## - CATALOGING SOURCE
- Original cataloging agency: dpl
- Transcribing agency: dpl
100 ## - HEADING--PERSONAL NAME
- Personal name: शर्मा, रामकिशोर
670 ## - SOURCE DATA FOUND
- Source citation: Work cat.: (dpl)214296: शर्मा, रामकिशोर , आदिकालीन साहित्य :पुनःपाठ /, 2025
